Las perlas de la virgen y tus labios de coral (Record no. 9382)

MARC details
000 -CABECERA
campo de control de longitud fija 01346nam a2200313 a 4500
001 - NÚMERO DE CONTROL
campo de control BRL_570
005 - FECHA Y HORA DE LA ÚLTIMA TRANSACCIÓN
campo de control 20190320210814.0
008 - DATOS DE LONGITUD FIJA--INFORMACIÓN GENERAL
campo de control de longitud fija 030913s2011----mx-a######---#000-0#spa-#
020 ## - NÚMERO INTERNACIONAL ESTÁNDAR DEL LIBRO
Número Internacional Estándar del Libro 9786074558838
041 ## - CÓDIGO DE LENGUA
Código de lengua del texto/banda sonora o título independiente spa
044 ## - CÓDIGO DEL PAÍS DE LA ENTIDAD EDITORA/PRODUCTORA
Código MARC del país mx
050 #4 - SIGNATURA TOPOGRÁFICA DE LA BIBLIOTECA DEL CONGRESO
Número de clasificación NK844
Número de documento/Ítem .P47 2011
245 10 - MENCIÓN DE TÍTULO
Título Las perlas de la virgen y tus labios de coral
Resto del título el adorno popular
Mención de responsabilidad, etc. curaduría, Juan Rafael Coronel Rivera ; textos Juan Rafael Coronel Rivera, Marta Turok ; fotografía, Michel Zabé Thiriat.
260 ## - PUBLICACIÓN, DISTRIBUCIÓN, ETC.
Lugar de publicación, distribución, etc. México
Nombre del editor, distribuidor, etc. CONACULTA : Dirección General de Culturas Populares : Museo Nacional de Culturas Populares
Fecha de publicación, distribución, etc. 2011
300 ## - DESCRIPCIÓN FÍSICA
Extensión 277 p.
Otras características físicas il. a color
Dimensiones 20 cm.
440 #0 - MENCIÓN DE SERIE/PUNTO DE ACCESO ADICIONAL--TÍTULO
Título Memoria histórica
9 (RLIN) 24317
500 ## - NOTA GENERAL
Nota general Incluye lista de obra
500 ## - NOTA GENERAL
Nota general Catálogo de la exposición realizada en el Museo Nacional de Culturas Populares
500 ## - NOTA GENERAL
Nota general Se cuenta con 2 ejemplares
600 14 - PUNTO DE ACCESO ADICIONAL DE MATERIA--NOMBRE DE PERSONA
Nombre de persona Lechuga, Ruth D.
Subdivisión de forma Exposiciones
Subdivisión general Colecciones de arte
9 (RLIN) 24318
650 14 - PUNTO DE ACCESO ADICIONAL DE MATERIA--TÉRMINO DE MATERIA
Término de materia o nombre geográfico como elemento de entrada Artes decorativas
Subdivisión de forma Exposiciones
Subdivisión geográfica México
9 (RLIN) 24319
650 14 - PUNTO DE ACCESO ADICIONAL DE MATERIA--TÉRMINO DE MATERIA
Término de materia o nombre geográfico como elemento de entrada Arte popular
Subdivisión de forma Exposiciones
Subdivisión geográfica México
9 (RLIN) 1706
650 14 - PUNTO DE ACCESO ADICIONAL DE MATERIA--TÉRMINO DE MATERIA
Término de materia o nombre geográfico como elemento de entrada Joyería
Subdivisión de forma Exposiciones
Subdivisión geográfica México
9 (RLIN) 24320
650 14 - PUNTO DE ACCESO ADICIONAL DE MATERIA--TÉRMINO DE MATERIA
Término de materia o nombre geográfico como elemento de entrada Artes decorativas
Subdivisión de forma Exposiciones
Subdivisión general Obras pictóricas
Subdivisión geográfica México
9 (RLIN) 24321
700 1# - PUNTO DE ACCESO ADICIONAL--NOMBRE DE PERSONA
Nombre de persona Coronel Rivera, Juan Rafael
9 (RLIN) 24322
700 1# - PUNTO DE ACCESO ADICIONAL--NOMBRE DE PERSONA
Nombre de persona Turok, Marta
9 (RLIN) 23269
700 1# - PUNTO DE ACCESO ADICIONAL--NOMBRE DE PERSONA
Nombre de persona Zabé Thiriat, Michel
Término indicativo de función/relación il.
9 (RLIN) 24323
942 ## - ELEMENTOS DE PUNTO DE ACCESO ADICIONAL (KOHA)
Fuente del sistema de clasificación o colocación Library of Congress Classification
Tipo de ítem Koha Libros
Holdings
Estado de retiro Estado de pérdida Estado dañado No para préstamo Localización permanente Ubicación/localización actual Fecha de adquisición Total de préstamos Signatura topográfica completa Código de barras Fecha visto por última vez Precio válido a partir de Tipo de ítem Koha
El ejemplar forma parte de la colección y puede ser consultado según las políticas vigentes.       Biblioteca Centro de Estudios Ruth D. Lechuga Biblioteca Centro de Estudios Ruth D. Lechuga 03/09/2013   NK844 .P47 2011 00007 22/03/2019 22/03/2019 Libros
El ejemplar forma parte de la colección y puede ser consultado según las políticas vigentes.       Biblioteca Centro de Estudios Ruth D. Lechuga Biblioteca Centro de Estudios Ruth D. Lechuga 06/10/2016   NK844 .P47 2011 00008 22/03/2019 22/03/2019 Libros